Полное собрание сочинений Н.В. Гоголя (Запись № 5770951)

Подробности
000 -МАРКЕР
контрольное поле 01883nam0a22003971 4500
001 - ИДЕНТИФИКАТОР ЗАПИСИ
контрольное поле v19\rc\1830651
005 - ИДЕНТИФИКАТОР ВЕРСИИ
контрольное поле 20260406142102.0
035 ## - ДРУГИЕ СИСТЕМНЫЕ НОМЕРА
Идентификатор записи (NLR Aleph) 004940003
100 ## - ДАННЫЕ ОБЩЕЙ ОБРАБОТКИ
Данные общей обработки 20071224d1908 u y0rusy50 ca
101 0# - ЯЗЫК РЕСУРСА
Язык текста, звукозаписи и т.д. русский
102 ## - СТРАНА ПУБЛИКАЦИИ ИЛИ ПРОИЗВОДСТВА
Страна публикации Российская Федерация
105 ## - ПОЛЕ КОДИРОВАННЫХ ДАННЫХ: ТЕКСТОВЫЕ МАТЕРИАЛЫ, МОНОГРАФИЧЕСКИЕ
Кодированные данные о монографическом текстовом документе a z ||||b
200 1# - ЗАГЛАВИЕ И СВЕДЕНИЯ ОБ ОТВЕТСТВЕННОСТИ
Основное заглавие Полное собрание сочинений Н.В. Гоголя
Сведения, относящиеся к заглавию С жизнеописанием писателя, портр., рис., относящимися к его жизни и с 32 отд. карт. худож. В.А. Табурина
Первые сведения об ответственности Под ред. П.В. Быкова
205 ## - СВЕДЕНИЯ ОБ ИЗДАНИИ
Сведения об издании 1-е стереотип. изд.
210 ## - ПУБЛИКАЦИЯ, РАСПРОСТРАНЕНИЕ И ДР.
Место издания, распространения и т.д. Санкт-Петербург
-- Москва
Имя издателя, распространителя и т. д. т-во М.О. Вольф
Дата издания, распространения и т.д. [1908]
Имя изготовителя тип. т-ва М.О. Вольф в Спб.
215 ## - ФИЗИЧЕСКАЯ ХАРАКТЕРИСТИКА
Специфическое обозначение материала и объем [995] с. разд. паг., 1 л. фронт. (ил.), [31] л. ил.
Другие сведения о физической характеристике ил.
Размеры 26
532 10 - РАСШИРЕННОЕ ЗАГЛАВИЕ
Заглавие Полное собрание сочинений Николая Васильевича Гоголя
700 #1 - ИМЯ ЛИЦА - ПЕРВИЧНАЯ ОТВЕТСТВЕННОСТЬ
Материалы, к которым относится поле rus
Графика поля Кириллица
Начальный элемент ввода Гоголь
Часть имени, кроме начального элемента ввода Н. В.
Даты 1809-1852
Расширение инициалов личного имени Николай Васильевич
Идентификатор авторитетной/нормативной записи RU\NLR\AUTH\773480
Системный номер авторитетной/нормативной записи 113476
702 #1 - ИМЯ ЛИЦА - ВТОРИЧНАЯ ОТВЕТСТВЕННОСТЬ
Код отношения Редактор
Материалы, к которым относится поле rus
Графика поля Кириллица
Начальный элемент ввода Быков
Часть имени, кроме начального элемента ввода П. В.
Дополнения к именам, кроме дат писатель
Даты 1843-1930
Расширение инициалов личного имени Петр Васильевич
Идентификатор авторитетной/нормативной записи RU\NLR\AUTH\7755574
Системный номер авторитетной/нормативной записи 38506
702 #1 - ИМЯ ЛИЦА - ВТОРИЧНАЯ ОТВЕТСТВЕННОСТЬ
Код отношения Иллюстратор
Материалы, к которым относится поле rus
Графика поля Кириллица
Начальный элемент ввода Табурин
Часть имени, кроме начального элемента ввода В. А.
Дополнения к именам, кроме дат художник, дет. писатель
Даты 1870-1954
Расширение инициалов личного имени Владимир Амосович
Идентификатор авторитетной/нормативной записи RU\NLR\AUTH\7753392
Системный номер авторитетной/нормативной записи 36324
790 #1 - ИМЯ ЛИЦА - АЛЬТЕРНАТИВНАЯ ФОРМА
Связь между полями z01702
Начальный элемент ввода Табурин
Часть имени, кроме начального элемента ввода В.А.
801 #0 - ИСТОЧНИК ЗАПИСИ
Страна Российская Федерация
Организация NLR
Правила каталогизации psbo
801 #0 - ИСТОЧНИК ЗАПИСИ
Страна Российская Федерация
Организация RuMoRGB
Источник данных psbo
801 #1 - ИСТОЧНИК ЗАПИСИ
Страна Российская Федерация
Организация ProSoft-M
Источник данных rusmarc
801 #2 - ИСТОЧНИК ЗАПИСИ
Страна Российская Федерация
Организация NLR
Дата составления 20140127
Источник данных rusmarc
852 ## - МЕСТОНАХОЖДЕНИЕ И ШИФР ХРАНЕНИЯ
Идентификатор организации NLR
Шифр хранения (Call Number) 38.27.3.40
852 ## - МЕСТОНАХОЖДЕНИЕ И ШИФР ХРАНЕНИЯ
Идентификатор организации NLR
Шифр хранения (Call Number) 37.10.3.22
899 ## - ДАННЫЕ О МЕСТОНАХОЖДЕНИИ (устаревшее)
Местонахождение RuMoRGB
Шифр хранения M 34/58
899 ## - ДАННЫЕ О МЕСТОНАХОЖДЕНИИ (устаревшее)
Местонахождение RuMoRGB
Шифр хранения МК
899 ## - ДАННЫЕ О МЕСТОНАХОЖДЕНИИ (устаревшее)
Местонахождение RuMoRGB
Шифр хранения V 12/21
899 ## - ДАННЫЕ О МЕСТОНАХОЖДЕНИИ (устаревшее)
Местонахождение БАН
899 ## - ДАННЫЕ О МЕСТОНАХОЖДЕНИИ (устаревшее)
Местонахождение ГПИБ
899 ## - ДАННЫЕ О МЕСТОНАХОЖДЕНИИ (устаревшее)
Местонахождение НБ МГУ
942 ## - ДОПОЛНИТЕЛЬНЫЕ ЭЛЕМЕНТЫ ЗАПИСИ (АБИС)
Тип экземпляра АБИС Книга
980 ## - КОЛЛЕКЦИЯ
Название коллекции Национальная библиография
Экземпляры
Тип экземпляра Дата поступления Библиотека постоянного хранения Библиотека текущего хранения Место хранения Шифр хранения Штрих-код Статус экземпляра
Книга 26.10.2013 РНБ (Московский) РНБ (Московский) Неопределен, для заказа не доступен, в ЭК виден   4940003-60  
Книга 26.10.2013 РНБ (Московский) РНБ (Московский) Неопределен, для заказа не доступен, в ЭК виден   4940003-70  
Книга 26.10.2013 РНБ (Московский) РНБ (Московский) Неопределен, для заказа не доступен, в ЭК виден   4940003-80  
Книга 26.10.2013 РНБ (Садовая) РНБ (Садовая) Русский книжный фонд -Главное здание, Ленинский читальный зал 38.27.3.40 4940003-10  
Книга 26.10.2013 РНБ (Садовая) РНБ (Садовая) Русский книжный фонд -Главное здание, Ленинский читальный зал 37.10.3.22 4940003-20